00853nam a2200229 a 4500001000200000003000900002005001700011008003000028020001800058040002500076082002700101100002700128245006200155260002800217300002400245500007100269500007000340650005000410650005200460650005300512650005800565 DO-SdBNP20210902102603.0190404s2015 dr 000 spa d a9789945084030 aDO-SdBNPbspacBPMSU a352.63bM491f 20152221 aMedina, Oquendod1955-10aFunción pública y clase política /cOquendo Medina. aSanto Domingo :,c2015. a179 p. ;. ;c23 cm. aIncluye referencia bibliográfica y notas al pie de las páginas aIncluye datos biográficos del autor en la solapa de la cubierta aFunción pública zRepública Dominicana  4aCarrera administrativa zRepública Dominicana 4aFuncionarios públicosz República Dominicana 4aCorrupción administrativa z República Dominicana